000
00314nam a2200133 i 4500
001
bg
100
1
_a
RESENDE, Eliseu
245
0
_a
Highways and Brazil's Development /
_c
Eliseu Resende.
260
_a
Munich,
_c
1973.
040
_c
BPK
041
_a
pol
942
_c
KS
008
s pl f |000 0 pol
999
_c
27142
_d
27142